| 000 | 00828nam a22002177a 4500 | ||
|---|---|---|---|
| 999 |
_c10168 _d10168 |
||
| 003 | AR-CdUCM | ||
| 008 | 190329b ||||| |||| 00| 0 spa d | ||
| 040 |
_aMUNICIPALIDAD PROVINCIAL DEL CUSCO _cBIBLIOTECA MUNICIPAL DEL CUSCO |
||
| 082 |
_22ed. _a370.8 / _bM63 / 1948 |
||
| 100 |
_aMira López, Lola _926865 |
||
| 245 |
_aPedagogos antiguos y modernos : _bantología-histórica / |
||
| 260 |
_aBuenos Aires : _bReconquista, _c1948. |
||
| 300 |
_a362 páginas ; _c26 cm. |
||
| 505 | _aContenido: Antiguo Egipto -- Textos Budistas -leyes de Manú -- El Zendavesta -- El pueblo Hebreo -- Homero -- Aristófanes -- Jenofonte ... | ||
| 650 |
_aEducación _9460 |
||
| 650 |
_aBiobibliografía _97105 |
||
| 650 |
_aColecciones _9607 |
||
| 700 |
_aHomar de Aller, Armida M. (coautor) _926866 |
||
| 942 |
_2ddc _cLIBROS |
||
| 945 | _aachl | ||